| 000 | 00489nam a22001937a 4500 | ||
|---|---|---|---|
| 003 | MPLRDC | ||
| 005 | 20220104124617.0 | ||
| 008 | 210129b ||||| |||| 00| 0 eng d | ||
| 020 | _a978-983-2812-22-7 | ||
| 082 | _a868.71 MY | ||
| 100 | _a木焱 | ||
| 245 |
_a毛毛之书 _c |
||
| 250 | _a初版 | ||
| 260 |
_a马来西亚 _b有人出版社 GOT ONE PUBLISHER SDN BHD _c2007 |
||
| 300 | _b100 | ||
| 490 | _a有名系列: 8 | ||
| 650 | _a马华文学--诗 | ||
| 942 |
_cBK _o868.71 MY |
||
| 999 |
_c20717 _d20707 |
||